Journal of the Institute of Justice and International Studies

Bibliographic Details
Format: Journal
Language:English
Published: Warrensburg, MO : University of Central Missouri, 2001-
Subjects:
Online Access:http://www.vlex.com/source/7217

MARC

LEADER 00000nas a22000007a 4500
005 20130321185150.0
007 cr|||| ||||
008 130321c20019999xxuar|p s|||| 0|||a1eng d
022 |a 15387909  
035 |a 7217 
040 |a vLex 
090 |c 3982  |d 3982 
245 0 0 |a Journal of the Institute of Justice and International Studies  |h [Recurso electrn̤ico] 
256 |a Servicio en ln̕ea 
260 |a Warrensburg, MO :  |b University of Central Missouri,   |c 2001- 
300 |a 1 Recurso electrn̤ico 
506 |d vLex Global  |d vLex Global (Academic Edition, excluding Law Schools)  |d vLex Global (U.S. Academic Edition, Law Schools)  |d vLex Global (U.S. Academic Edition, excluding Law Schools)  |d vLex Global (Academic Edition, Law Schools) 
650 0 4 |a Relaciones internacionales  |v Revistas 
650 0 4 |a Derecho internacional  |v Revistas 
740 |a vLex Revistas (Servicio en ln̕ea) 
856 |a Acceso restringido  |u http://www.vlex.com/source/7217 
942 |c REV 
999 0 |a International relations